| 000 | 00719nam a2200205 i 4500 | ||
|---|---|---|---|
| 001 | 57450 | ||
| 003 | ES-MaACL | ||
| 005 | 20250802095048.0 | ||
| 007 | t| | ||
| 008 | 031016s1944 sp ||||1| spa d | ||
| 100 | 1 |
_aDoerfler, Peter. _944987 |
|
| 245 | 1 | 0 |
_aCuando aún vivía mamá _b: novela / _cPeter Doerfler ; [traducción del original alemán, por Mariano Orta Manzano ; ilustraciones de Pedro de Valencia]. |
| 250 | _a[1ª ed.]. | ||
| 260 |
_aValencia : _bHorizontes, _c[1944] ( _fTipografía Moderna) |
||
| 300 |
_a281 p., 2 lám. ; _c18 cm. |
||
| 700 | 1 |
_aOrta Manzano, Mariano. _987384 |
|
| 700 | 0 |
_aValencia, Pedro de, _d1902- _9112570 |
|
| 852 |
_aES-MaACL _jC-2709 _bR.21853 |
||
| 999 |
_c57450 _d57450 |
||